01276cam a22003498a 450000100090000000300040000900500170001300800410003001000170007102000150008804000180010304200080012105000250012908200250015410000260017924500630020526000360026826300090030430000310031352100210034452600220036554100060038756200580039365000630045170000180051485600870053285601060061990600450072594200150077099900170078595201240080213548664OSt20140310182832.0040405s2004 nyu 000 0 eng  a 2004047142 a0071424113 aDLCcDLCdDLC apcc00aPL 1129b.Sc437 200400aM 495.181 bSC7 20031 aScurfield, Elizabeth.10aTeach yourself beginner's Chinese /cScurfield, Elizabeth  aNew York :bMcGraw-Hill,c2004. a0405 axviii, 265 p. : c20 cm.  aCollege students c1210L to 1700L  j1 e1 for circulation.1 copy available in the collection  0aChinese languagexTextbooks for foreign speakersxEnglish.1 aSong, Lianyi.423Publisher descriptionuhttp://www.loc.gov/catdir/description/mh051/2004047142.html423Contributor biographical informationuhttp://www.loc.gov/catdir/enhancements/fy0704/2004047142-b.html a7brixcorignewd1eocipf20gy-gencatlg 2lcccBKkM c16644d16644 00102lcc40aCLbCLcGCd2013-06-03l1oPL 1129 .Sc437 2003pC8285r2023-09-26 00:00:00s2023-09-19t1w2013-11-14yBK